[Event "Montigny le Bretonneux op 13th"]
[Site "Montigny le Bretonneux"]
[Date "2014.10.22"]
[Round "5"]
[White "Iasoni, Robert"]
[Black "Fruchard, Cyrille"]
[Result "1-0"]
[WhiteElo "2137"]
[BlackElo "2011"]
[PlyCount "115"]
[EventDate "2014.10.18"]
[EventType "swiss"]
[EventRounds "9"]
[EventCountry "FRA"]
[SourceTitle "EXT 2016"]
[Source "ChessBase"]
[SourceDate "2015.10.08"]
[SourceVersion "1"]
[SourceVersionDate "2015.10.08"]
[SourceQuality "1"]

1. d4 Nf6 2. Nf3 g6 3. g3 Bg7 4. Bg2 0-0 5. 0-0 d6 6. c4 Nbd7 7. Qc2 e5 8. Rd1 Re8 9. dxe5 dxe5 10. e4 c6 11. Bh3 Qc7 12. c5 b6 13. b4 a5 14. cxb6 Qxb6 15. bxa5 Rxa5 16. Be3 c5 17. Nbd2 Ra7 18. Nc4 Qc7 19. Nd6 Re6 20. Nxc8 Qxc8 21. Nd2 Qc7 22. a4 Rea6 23. Bf1 Rb6 24. a5 Rb8 25. Nc4 Nf8 26. a6 Ne6 27. Nd6 Qc6 28. Ra5 Nd4 29. Bxd4 exd4 30. Rxd4 Nxe4 31. Rxe4 Qxd6 32. Qxc5 Qxc5 33. Rxc5 Bf6 34. h4 h5 35. g4 hxg4 36. Rxg4 Rb6 37. Rc2 Rbxa6 38. Bxa6 Rxa6 39. Rc5 Kg7 40. Kg2 Rd6 41. Rb5 Rd4 42. Rxd4 Bxd4 43. h5 Kh6 44. Rd5 Bg7 45. hxg6 fxg6 46. Kf3 Bf6 47. Kg4 Kg7 48. Rd7+ Kf8 49. Kf4 Ke8 50. Rh7 Kf8 51. Ke4 Bg7 52. Rh3 Kf7 53. Kd5 Kf6 54. Kd6 Kf5 55. Kd5 g5 56. Rf3+ Kg4 57. Ke4 Kh4 58. Rf7 1-0

[Event "FRA-chT2 1011"]
[Site "France"]
[Date "2010.11.13"]
[Round "2.6"]
[White "Plantet, Marc"]
[Black "Iasoni, Robert"]
[Result "0-1"]
[WhiteElo "1950"]
[BlackElo "2078"]
[PlyCount "136"]
[EventDate "2010.10.17"]
[EventType "team-tourn"]
[EventRounds "11"]
[EventCountry "FRA"]
[SourceTitle "EXT 2012"]
[Source "ChessBase"]
[SourceDate "2011.11.24"]
[SourceVersion "1"]
[SourceVersionDate "2011.11.24"]
[SourceQuality "1"]

1. e4 Nf6 2. Bc4 e5 3. Nf3 Nc6 4. Ng5 d5 5. exd5 Na5 6. Bb5+ c6 7. dxc6 bxc6 8. Be2 Bd6 9. Nc3 0-0 10. d3 Qc7 11. Bd2 Bd7 12. h3 Nb7 13. 0-0 Be7 14. a3 h6 15. Nge4 Nd5 16. Bf3 Be6 17. Ne2 Rad8 18. c4 Nb6 19. Qc2 f5 20. N4c3 Qd7 21. Nc1 e4 22. Be2 Nc5 23. Be3 exd3 24. Nxd3 Nxd3 25. Rad1 Bxc4 26. Bxb6 axb6 27. Bxd3 Bxd3 28. Qb3+ Kh8 29. Rfe1 Bc5 30. Na4 Qd4 31. Re3 Bc4 32. Rxd4 Bxb3 33. Rxd8 Bxa4 34. Rxf8+ Bxf8 35. b3 Bb5 36. a4 Ba6 37. Re8 Kg8 38. Ra8 Bd3 39. Rb8 b5 40. a5 b4 41. Rb6 c5 42. a6 Bxa6 43. Rxa6 Kf7 44. Kf1 Be7 45. Ke2 Bf6 46. Kd3 g5 47. Kc4 Bd4 48. f3 h5 49. Rd6 Be3 50. Rd5 Ke6 51. Rd8 Ke5 52. Kd3 Kf4 53. Ke2 Bd4 54. Rg8 h4 55. Kd3 Bf6 56. Rf8 Bd4 57. Rf7 Bb2 58. Kc4 Bd4 59. Rf8 Be3 60. Re8 Bd4 61. Kd5 Kg3 62. Re2 Bf2 63. Re5 Kxg2 64. Rxf5 Be3 65. Ke4 Bf4 66. Rxc5 Kxh3 67. Rb5 Kg2 68. Rxb4 h3 0-1

[Event "FRA-chT2 0910"]
[Site "France"]
[Date "2009.10.18"]
[Round "3.4"]
[White "Helfer, Remi"]
[Black "Iasoni, Robert"]
[Result "1-0"]
[WhiteElo "2017"]
[BlackElo "2113"]
[PlyCount "83"]
[EventDate "2009.09.27"]
[EventType "team-tourn"]
[EventRounds "11"]
[EventCountry "FRA"]
[SourceTitle "EXT 2011"]
[Source "ChessBase"]
[SourceDate "2010.11.26"]
[SourceVersion "1"]
[SourceVersionDate "2010.11.26"]
[SourceQuality "1"]

1. e4 e5 2. Nc3 Qe7 3. Bc4 c6 4. d3 d6 5. f4 Nf6 6. Nf3 h6 7. 0-0 Bg4 8. fxe5 dxe5 9. Qe1 Qc7 10. Be3 Nbd7 11. Qg3 Bh5 12. h3 0-0-0 13. a4 a6 14. Rfb1 a5 15. Nd1 g5 16. Nd2 g4 17. h4 Bg6 18. c3 Rg8 19. b4 Nh5 20. Qe1 Nf4 21. bxa5 Qxa5 22. Nb3 Qa8 23. a5 g3 24. Bb6 Nxb6 25. axb6 Qb8 26. Ra7 Bh5 27. Ne3 Ne2+ 28. Kh1 Qd6 29. Na5 Qc5 30. Ra8+ Kd7 31. Rxd8+ Ke7 32. Nf5+ Kf6 33. Nxb7 Qa3 34. Ra1 Qb2 35. Ra2 Qxb6 36. Rb8 Qf2 37. Qxf2 gxf2 38. Ra1 Bf3 39. Ne3 Rg3 40. Kh2 Bh5 41. Nf5 Rg4 42. Rc8 1-0

[Event "FRA-chT2"]
[Site "France"]
[Date "2001.10.14"]
[Round "1"]
[White "Iasoni, Robert"]
[Black "Ricroque, Jean Pierre"]
[Result "1/2-1/2"]
[WhiteElo "2133"]
[BlackElo "2095"]
[PlyCount "98"]
[EventDate "2002.??.??"]
[EventType "team"]
[EventRounds "11"]
[EventCountry "FRA"]
[SourceTitle "EXT 2003"]
[Source "ChessBase"]
[SourceDate "2002.11.25"]
[SourceVersion "1"]
[SourceVersionDate "2002.11.25"]
[SourceQuality "1"]

1. d4 Nf6 2. c4 e6 3. Nf3 d5 4. Nc3 c6 5. e3 Nbd7 6. Qc2 Bd6 7. Bd3 dxc4 8. Bxc4 0-0 9. 0-0 e5 10. h3 Qe7 11. dxe5 Nxe5 12. Nxe5 Qxe5 13. f4 Qh5 14. Qd1 Qc5 15. Bd3 Rd8 16. Qc2 h5 17. Bd2 g5 18. fxg5 Qxg5 19. e4 Qe5 20. Bf4 Qd4+ 21. Kh1 Bxf4 22. Rxf4 Qxd3 23. Qxd3 Rxd3 24. Rxf6 Kg7 25. Raf1 Be6 26. R1f2 b5 27. a3 a5 28. R6f3 Rad8 29. Kh2 b4 30. axb4 axb4 31. Rxd3 Rxd3 32. Na4 Rd4 33. Re2 Rc4 34. Kg3 c5 35. Kf4 Kf6 36. g4 Kg6 37. Nb6 Rc1 38. gxh5+ Kxh5 39. Nd5 b3 40. Ke3 c4 41. Nf4+ Kh4 42. Rg2 Bxh3 43. Rh2 c3 44. bxc3 Rxc3+ 45. Kd4 Rf3 46. Nd5 Kg5 47. Rb2 Bf1 48. Ne3 Kf4 49. Rxb3 Kg5 1/2-1/2

[Event "Syre Memorial op 21st"]
[Site "Issy les Moulineaux"]
[Date "1998.05.21"]
[Round "2"]
[White "Demarre, Jacques"]
[Black "Iasoni, Robert"]
[Result "1-0"]
[WhiteElo "2310"]
[BlackElo "2140"]
[PlyCount "59"]
[EventDate "1998.05.21"]
[EventType "swiss"]
[EventRounds "9"]
[EventCountry "FRA"]
[SourceTitle "EXT 2004"]
[Source "ChessBase"]
[SourceDate "2003.11.25"]
[SourceVersion "1"]
[SourceVersionDate "2003.11.25"]
[SourceQuality "1"]

1. d4 Nf6 2. Nf3 c5 3. c4 cxd4 4. Nxd4 e5 5. Nb5 d5 6. cxd5 Bc5 7. N5c3 0-0 8. e3 e4 9. Be2 Qe7 10. 0-0 Rd8 11. Qc2 Bf5 12. Nd2 Nbd7 13. Rd1 Nb6 14. Nb3 Bd6 15. Na5 Rac8 16. Qb3 Rc5 17. Nb5 Qe5 18. Nxd6 Rxd6 19. Nxb7 Bg4 20. f3 exf3 21. gxf3 Bxf3 22. Bxf3 Ng4 23. Rd2 Rg6 24. Rg2 Nxh2 25. e4 Rxc1+ 26. Rxc1 Qf4 27. Rc3 Nxf3+ 28. Rxf3 Qc1+ 29. Rf1 Rxg2+ 30. Kxg2 1-0